TH-MS-Identification and Characterization of Glutathione S-transferaso againts Zine Oxide and Titanium Dioxide Nanotoxicity in Lactuca sativa (Record no. 480895)
[ view plain ]
| 000 -LEADER | |
|---|---|
| fixed length control field | 00584nam a22001577a 4500 |
| 003 - CONTROL NUMBER IDENTIFIER | |
| control field | ASAB |
| 005 - DATE AND TIME OF LATEST TRANSACTION | |
| control field | 20180827062845.0 |
| 008 - FIXED-LENGTH DATA ELEMENTS--GENERAL INFORMATION | |
| fixed length control field | 180514t xxu||||| |||| 00| 0 eng d |
| 040 ## - CATALOGING SOURCE | |
| Transcribing agency | ASAB |
| 100 ## - MAIN ENTRY--PERSONAL NAME | |
| Personal name | Saher Tafail-sup-Dr. Nasar-um-Minullah |
| 9 (RLIN) | 3990 |
| 245 ## - TITLE STATEMENT | |
| Title | TH-MS-Identification and Characterization of Glutathione S-transferaso againts Zine Oxide and Titanium Dioxide Nanotoxicity in Lactuca sativa |
| Statement of responsibility, etc. | Saher Tafail-sup-Dr. Nasar-um-Minullah |
| 260 ## - PUBLICATION, DISTRIBUTION, ETC. | |
| Place of publication, distribution, etc. | Islamabad |
| Name of publisher, distributor, etc. | ASAB NUST |
| Date of publication, distribution, etc. | 2014 |
| 300 ## - PHYSICAL DESCRIPTION | |
| Extent | xii, 53 P |
| Other physical details | 30 cm |
| 630 ## - SUBJECT ADDED ENTRY--UNIFORM TITLE | |
| Uniform title | Virology and Immunology |
| 9 (RLIN) | 3991 |
| 942 ## - ADDED ENTRY ELEMENTS (KOHA) | |
| Source of classification or shelving scheme | |
| Koha item type | |
| Withdrawn status | Lost status | Source of classification or shelving scheme | Damaged status | Not for loan | Collection code | Permanent Location | Current Location | Date acquired | Total Checkouts | Full call number | Barcode | Date last seen | Price effective from | Koha item type |
|---|---|---|---|---|---|---|---|---|---|---|---|---|---|---|
| Atta-ur-Rahman School of Applied Biosciences (ASAB) | Atta-ur-Rahman School of Applied Biosciences (ASAB) | 05/14/2018 | Thesis 2014 ST | ASABms-22-14 | 05/14/2018 | 05/14/2018 |
